[Event "European Women's Championship"]
[Site "Vysoke Tatry"]
[Date "2018.04.08"]
[Round "1"]
[White "Ilyuchyk, Yana"]
[Black "Balajayeva, Khanim"]
[Result "1-0"]
[Board "53"]
[WhiteElo "2098"]
[WhiteCountry "BLR"]
[WhiteFideId "13508407"]
[WhiteEloChange "16"]
[BlackElo "2348"]
[BlackTitle "WFM"]
[BlackCountry "AZE"]
[BlackFideId "13406396"]
[BlackEloChange "-16"]

1. e4 {[%clk 1:30:56]} e5 {[%clk 1:30:56]} 2. Nf3 {[%clk 1:31:22]} Nc6 {[%clk
1:31:23]} 3. d4 {[%clk 1:31:47]} exd4 {[%clk 1:31:45]} 4. Bc4 {[%clk 1:32:13]}
Nf6 {[%clk 1:31:47]} 5. O-O {[%clk 1:32:35]} Nxe4 {[%clk 1:31:14]} 6. Re1 {[%clk
1:32:59]} d5 {[%clk 1:31:42]} 7. Bxd5 {[%clk 1:33:19]} Qxd5 {[%clk 1:32:08]} 8.
Nc3 {[%clk 1:33:44]} Qa5 {[%clk 1:26:17]} 9. Nxe4 {[%clk 1:34:08]} Be6 {[%clk
1:26:44]} 10. Neg5 {[%clk 1:34:29]} O-O-O {[%clk 1:26:50]} 11. Nxe6 {[%clk
1:34:52]} fxe6 {[%clk 1:27:17]} 12. Rxe6 {[%clk 1:35:16]} Bd6 {[%clk 1:25:45]}
13. Bg5 {[%clk 1:35:06]} Rde8 {[%clk 1:24:38]} 14. Qe2 {[%clk 1:35:16]} Kd7
{[%clk 1:24:40]} 15. Rxe8 {[%clk 1:35:26]} Rxe8 {[%clk 1:25:06]} 16. Qd3 {[%clk
1:35:45]} h6 {[%clk 1:11:50]} 17. Bd2 {[%clk 1:35:54]} Qh5 {[%clk 0:58:20]} 18.
h3 {[%clk 1:35:48]} Ne5 {[%clk 0:53:02]} 19. Nxe5+ {[%clk 1:29:51]} Qxe5 {[%clk
0:52:04]} 20. g3 {[%clk 1:30:10]} Qe4 {[%clk 0:46:23]} 21. Qb5+ {[%clk 1:16:26]}
Qc6 {[%clk 0:45:59]} 22. Qd3 {[%clk 1:13:37]} Qb6 {[%clk 0:29:30]} 23. b3 {[%clk
1:10:56]} Re7 {[%clk 0:27:06]} 24. c3 {[%clk 1:05:02]} dxc3 {[%clk 0:24:06]} 25.
Bxc3 {[%clk 1:05:09]} Qc5 {[%clk 0:23:47]} 26. Qf3 {[%clk 1:02:30]} Kd8 {[%clk
0:17:52]} 27. Rd1 {[%clk 0:59:15]} Qc6 {[%clk 0:16:47]} 28. Qf8+ {[%clk 0:48:19]}
Kd7 {[%clk 0:17:06]} 29. Qf5+ {[%clk 0:48:39]} Ke8 {[%clk 0:17:05]} 30. Rd3
{[%clk 0:47:58]} b6 {[%clk 0:11:00]} 31. Rf3 {[%clk 0:46:04]} Kd8 {[%clk
0:11:17]} 32. Qg4 {[%clk 0:42:57]} Rd7 {[%clk 0:05:17]} 33. Kg2 {[%clk 0:38:25]}
g5 {[%clk 0:04:42]} 34. Qe6 {[%clk 0:37:26]} Kc8 {[%clk 0:04:20]} 35. Qxh6 {[%clk
0:36:57]} Rf7 {[%clk 0:02:01]} 36. Qe6+ {[%clk 0:36:51]} Rd7 {[%clk 0:02:28]} 37.
Qg8+ {[%clk 0:36:05]} Kb7 {[%clk 0:01:48]} 38. Qxg5 {[%clk 0:36:10]} Rf7 {[%clk
0:01:58]} 39. Qe3 {[%clk 0:35:04]} Be7 {[%clk 0:00:55]} 40. h4 {[%clk 1:03:48]}
Bf8 {[%clk 0:31:06]} 41. Be5 {[%clk 0:56:41]} Bh6 {[%clk 0:30:49]} 42. Qd3 {[%clk
0:56:58]} b5 {[%clk 0:28:19]} 43. g4 {[%clk 0:56:34]} Rd7 {[%clk 0:27:30]} 44.
Qf5 {[%clk 0:55:46]} Bd2 {[%clk 0:24:54]} 45. Kg3 {[%clk 0:52:46]} Re7 {[%clk
0:22:57]} 46. Bf4 {[%clk 0:50:28]} Bb4 {[%clk 0:22:19]} 47. Rd3 {[%clk 0:50:09]}
Ka6 {[%clk 0:21:42]} 48. Qd5 {[%clk 0:46:37]} Qc2 {[%clk 0:20:02]} 49. a4 {[%clk
0:41:12]} bxa4 {[%clk 0:19:39]} 50. bxa4 {[%clk 0:41:13]} Qxa4 {[%clk 0:19:19]}
51. Rb3 {[%clk 0:38:20]} Re4 {[%clk 0:17:28]} 52. Qxe4 {[%clk 0:32:08]} Qxb3+
{[%clk 0:17:54]} 53. Qf3 {[%clk 0:32:34]} Qc4 {[%clk 0:16:52]} 54. h5 {[%clk
0:32:51]} Bc3 {[%clk 0:15:47]} 55. g5 {[%clk 0:31:43]} Kb6 {[%clk 0:16:12]} 56.
g6 {[%clk 0:31:04]} a5 {[%clk 0:16:34]} 57. Be3+ {[%clk 0:27:50]} c5 {[%clk
0:16:47]} 58. Qf4 {[%clk 0:28:07]} Qd5 {[%clk 0:15:15]} 59. Qg4 {[%clk 0:26:01]}
Qd6+ {[%clk 0:14:15]} 60. Kg2 {[%clk 0:24:25]} Qd5+ {[%clk 0:13:59]} 61. Qf3
{[%clk 0:24:21]} Qd6 {[%clk 0:13:10]} 62. Qe4 {[%clk 0:24:05]} Qd7 {[%clk
0:12:45]} 63. Qc4 {[%clk 0:16:07]} Bd4 {[%clk 0:12:24]} 64. Qe2 {[%clk 0:15:37]}
Bc3 {[%clk 0:11:44]} 65. Qf3 {[%clk 0:15:43]} Be5 {[%clk 0:10:51]} 66. h6 {[%clk
0:15:41]} a4 {[%clk 0:11:05]} 67. Qe4 {[%clk 0:13:01]} a3 {[%clk 0:10:22]} 68.
Qxe5 {[%clk 0:11:35]} Qg4+ {[%clk 0:10:49]} 69. Kh2 {[%clk 0:11:49]} Qh4+ {[%clk
0:11:15]} 70. Kg2 {[%clk 0:11:44]} Qg4+ {[%clk 0:11:43]} 71. Qg3 {[%clk 0:11:31]}
Qe4+ {[%clk 0:12:01]} 72. Kh2 {[%clk 0:08:48]} a2 {[%clk 0:12:27]} 73. Qb8+
{[%clk 0:09:10]} Ka6 {[%clk 0:12:49]} 74. Qc8+ {[%clk 0:09:31]} Kb6 {[%clk
0:11:58]} 75. Qxc5+ {[%clk 0:08:04]} Kb7 {[%clk 0:11:24]} 76. Qd4 {[%clk
0:08:09]} Qxg6 {[%clk 0:10:29]} 77. Qg7+ {[%clk 0:08:11]} Qxg7 {[%clk 0:10:44]}
78. hxg7 {[%clk 0:08:37]} 1-0

[Event "European Women's Championship"]
[Site "Vysoke Tatry"]
[Date "2018.04.08"]
[Round "1"]
[White "Arakhamia-Grant, Ketevan"]
[Black "Hapala, Elisabeth"]
[Result "1-0"]
[Board "54"]
[WhiteElo "2347"]
[WhiteTitle "GM"]
[WhiteCountry "SCO"]
[WhiteFideId "13600168"]
[WhiteEloChange "4"]
[BlackElo "2091"]
[BlackTitle "WFM"]
[BlackCountry "AUT"]
[BlackFideId "1622080"]
[BlackEloChange "-4"]

1. e4 {[%clk 1:30:55]} c5 {[%clk 1:30:45]} 2. Nf3 {[%clk 1:31:19]} e6 {[%clk
1:31:11]} 3. b3 {[%clk 1:31:43]} Nc6 {[%clk 1:25:47]} 4. Bb2 {[%clk 1:31:59]} d5
{[%clk 1:08:37]} 5. Bb5 {[%clk 1:32:16]} Nf6 {[%clk 1:02:30]} 6. e5 {[%clk
1:32:23]} Nd7 {[%clk 1:02:36]} 7. Bxc6 {[%clk 1:32:34]} bxc6 {[%clk 1:03:02]} 8.
d3 {[%clk 1:32:54]} Be7 {[%clk 0:56:34]} 9. O-O {[%clk 1:32:59]} O-O {[%clk
0:48:41]} 10. Re1 {[%clk 1:33:13]} Qc7 {[%clk 0:25:53]} 11. Nc3 {[%clk 1:27:26]}
f6 {[%clk 0:19:52]} 12. exf6 {[%clk 1:14:42]} Bxf6 {[%clk 0:19:51]} 13. h3 {[%clk
0:43:30]} e5 {[%clk 0:16:27]} 14. Na4 {[%clk 0:43:26]} Ba6 {[%clk 0:11:25]} 15.
c4 {[%clk 0:43:13]} Rae8 {[%clk 0:04:10]} 16. Qc2 {[%clk 0:43:31]} d4 {[%clk
0:00:51]} 17. Nd2 {[%clk 0:33:56]} e4 {[%clk 0:00:51]} 18. Nxe4 {[%clk 0:33:19]}
Bh4 {[%clk 0:00:48]} 19. Re2 {[%clk 0:29:35]} Bc8 {[%clk 0:00:35]} 20. Rf1 {[%clk
0:29:39]} Ne5 {[%clk 0:00:43]} 21. f4 {[%clk 0:28:55]} Ng6 {[%clk 0:00:47]} 22.
Bc1 {[%clk 0:28:56]} Nxf4 {[%clk 0:00:35]} 23. Bxf4 {[%clk 0:28:33]} Rxf4 {[%clk
0:01:04]} 24. Rxf4 {[%clk 0:21:04]} Qxf4 {[%clk 0:01:32]} 25. Nf6+ {[%clk
0:21:18]} gxf6 {[%clk 0:01:52]} 26. Rxe8+ {[%clk 0:21:44]} Kf7 {[%clk 0:02:20]}
27. Re4 {[%clk 0:21:53]} Qg3 {[%clk 0:01:12]} 28. Qe2 {[%clk 0:17:59]} Kg6 {[%clk
0:00:35]} 29. Nxc5 {[%clk 0:14:26]} Bf5 {[%clk 0:01:00]} 30. Rg4+ {[%clk
0:05:16]} Bxg4 {[%clk 0:01:26]} 31. Qxg4+ {[%clk 0:05:42]} Qxg4 {[%clk 0:01:36]}
32. hxg4 {[%clk 0:06:07]} Bg3 {[%clk 0:00:57]} 33. Ne6 {[%clk 0:05:23]} Bd6
{[%clk 0:00:34]} 34. Kf2 {[%clk 0:04:05]} c5 {[%clk 0:00:32]} 35. Kf3 {[%clk
0:04:14]} f5 {[%clk 0:00:36]} 36. gxf5+ {[%clk 0:01:59]} Kxf5 {[%clk 0:01:05]}
37. Nd8 {[%clk 0:02:18]} h5 {[%clk 0:00:36]} 38. a3 {[%clk 0:01:14]} a6 {[%clk
0:00:40]} 39. Nc6 {[%clk 0:01:30]} Bc7 {[%clk 0:00:39]} 40. b4 {[%clk 0:30:40]}
Bb6 {[%clk 0:30:33]} 41. b5 {[%clk 0:23:57]} a5 {[%clk 0:19:31]} 42. Ne7+ {[%clk
0:22:59]} Ke5 {[%clk 0:19:20]} 43. Nd5 {[%clk 0:21:55]} Ba7 {[%clk 0:19:24]} 44.
a4 {[%clk 0:21:18]} Kf5 {[%clk 0:11:27]} 45. Ne7+ {[%clk 0:21:22]} Ke6 {[%clk
0:11:37]} 46. Nd5 {[%clk 0:15:54]} Kf5 {[%clk 0:12:03]} 47. b6 {[%clk 0:16:09]}
Bb8 {[%clk 0:12:29]} 48. Ne7+ {[%clk 0:16:28]} Ke6 {[%clk 0:12:50]} 49. Nc6
{[%clk 0:16:50]} Bd6 {[%clk 0:12:48]} 50. b7 {[%clk 0:16:28]} Kd7 {[%clk
0:13:02]} 51. b8Q {[%clk 0:16:26]} Bxb8 {[%clk 0:13:28]} 52. Nxb8+ {[%clk
0:16:51]} Kc7 {[%clk 0:13:55]} 53. Ke4 {[%clk 0:17:08]} 1-0

[Event "European Women's Championship"]
[Site "Vysoke Tatry"]
[Date "2018.04.08"]
[Round "1"]
[White "Kaliadzich, Maryia"]
[Black "Cosma, Elena-Luminita"]
[Result "1/2-1/2"]
[Board "55"]
[WhiteElo "2078"]
[WhiteCountry "BLR"]
[WhiteFideId "13500015"]
[WhiteEloChange "6"]
[BlackElo "2340"]
[BlackTitle "WGM"]
[BlackCountry "ROU"]
[BlackFideId "1201590"]
[BlackEloChange "-6"]

1. d4 {[%clk 1:30:51]} d5 {[%clk 1:30:46]} 2. c4 {[%clk 1:31:11]} e6 {[%clk
1:31:09]} 3. e3 {[%clk 1:31:35]} Nf6 {[%clk 1:31:22]} 4. Nf3 {[%clk 1:31:57]} c5
{[%clk 1:30:38]} 5. Nc3 {[%clk 1:32:15]} Nc6 {[%clk 1:28:31]} 6. a3 {[%clk
1:32:37]} a6 {[%clk 1:28:45]} 7. dxc5 {[%clk 1:29:44]} Bxc5 {[%clk 1:27:08]} 8.
b4 {[%clk 1:28:51]} Be7 {[%clk 1:21:38]} 9. cxd5 {[%clk 1:27:57]} exd5 {[%clk
1:21:54]} 10. Bb2 {[%clk 1:27:20]} O-O {[%clk 1:17:49]} 11. Be2 {[%clk 1:23:38]}
Bg4 {[%clk 1:14:05]} 12. O-O {[%clk 1:18:44]} Rc8 {[%clk 0:59:02]} 13. Rc1 {[%clk
1:09:47]} Bd6 {[%clk 0:54:23]} 14. h3 {[%clk 0:59:35]} Be6 {[%clk 0:48:38]} 15.
b5 {[%clk 0:55:14]} Nb8 {[%clk 0:48:38]} 16. Qd4 {[%clk 0:55:14]} Qe7 {[%clk
0:43:15]} 17. a4 {[%clk 0:42:38]} Bc5 {[%clk 0:35:47]} 18. Qd3 {[%clk 0:37:47]}
Bd6 {[%clk 0:30:38]} 19. Ng5 {[%clk 0:32:11]} Nbd7 {[%clk 0:26:20]} 20. bxa6
{[%clk 0:24:42]} bxa6 {[%clk 0:26:26]} 21. Qb1 {[%clk 0:23:59]} Rc6 {[%clk
0:15:03]} 22. Bg4 {[%clk 0:18:56]} Rb6 {[%clk 0:08:55]} 23. Qc2 {[%clk 0:10:47]}
Rxb2 {[%clk 0:05:41]} 24. Qxb2 {[%clk 0:11:12]} Nxg4 {[%clk 0:06:00]} 25. Nxe6
{[%clk 0:10:03]} fxe6 {[%clk 0:06:24]} 26. hxg4 {[%clk 0:08:10]} Ba3 {[%clk
0:06:46]} 27. Qb7 {[%clk 0:05:03]} Bxc1 {[%clk 0:06:50]} 28. Rxc1 {[%clk
0:05:29]} Qf7 {[%clk 0:04:58]} 29. Nd1 {[%clk 0:04:57]} Ne5 {[%clk 0:04:33]} 30.
Qxf7+ {[%clk 0:04:01]} Rxf7 {[%clk 0:02:58]} 31. Rc8+ {[%clk 0:04:20]} Rf8 {[%clk
0:03:24]} 32. Rxf8+ {[%clk 0:03:30]} Kxf8 {[%clk 0:03:51]} 33. g5 {[%clk
0:03:14]} Ke7 {[%clk 0:04:03]} 34. Kf1 {[%clk 0:02:00]} Kd6 {[%clk 0:04:08]} 35.
f4 {[%clk 0:01:59]} Nc4 {[%clk 0:03:14]} 36. Ke2 {[%clk 0:02:10]} Kc5 {[%clk
0:02:05]} 37. g4 {[%clk 0:02:10]} Nd6 {[%clk 0:00:53]} 38. Kd3 {[%clk 0:01:48]}
Ne4 {[%clk 0:01:09]} 39. a5 {[%clk 0:01:17]} g6 {[%clk 0:00:59]} 40. Nb2 {[%clk
0:30:50]} Nf2+ {[%clk 0:30:41]} 41. Ke2 {[%clk 0:31:13]} Nxg4 {[%clk 0:29:20]}
42. Kf3 {[%clk 0:30:44]} h5 {[%clk 0:29:43]} 43. gxh6 {[%clk 0:12:16]} Nxh6
{[%clk 0:30:08]} 44. Nd3+ {[%clk 0:12:42]} Kb5 {[%clk 0:28:54]} 45. Ne5 {[%clk
0:13:07]} Nf5 {[%clk 0:22:16]} 46. Nxg6 {[%clk 0:13:06]} Kxa5 {[%clk 0:22:08]}
47. e4 {[%clk 0:09:47]} dxe4+ {[%clk 0:21:07]} 48. Kxe4 {[%clk 0:10:13]} Kb4
{[%clk 0:20:45]} 49. Ne5 {[%clk 0:09:11]} Ne7 {[%clk 0:09:48]} 50. Nd3+ {[%clk
0:06:54]} Kc4 {[%clk 0:10:11]} 51. Ne5+ {[%clk 0:05:09]} Kc5 {[%clk 0:09:02]} 52.
Nf3 {[%clk 0:03:51]} Nc6 {[%clk 0:08:43]} 53. Nd2 {[%clk 0:01:20]} Nd4 {[%clk
0:07:46]} 54. Ke5 {[%clk 0:01:08]} a5 {[%clk 0:08:01]} 55. Ne4+ {[%clk 0:01:01]}
Kc4 {[%clk 0:08:09]} 56. Nd6+ {[%clk 0:00:52]} Kc3 {[%clk 0:07:23]} 57. Ne4+
{[%clk 0:01:09]} Kd3 {[%clk 0:07:25]} 58. Nc5+ {[%clk 0:01:37]} Kc4 {[%clk
0:07:45]} 59. Na4 {[%clk 0:01:06]} Ne2 {[%clk 0:05:10]} 60. Kxe6 {[%clk 0:00:39]}
Nxf4+ {[%clk 0:05:34]} 61. Ke5 {[%clk 0:00:49]} Kb4 {[%clk 0:04:41]} 62. Nb6
{[%clk 0:00:58]} Ne2 {[%clk 0:04:03]} 63. Ke4 {[%clk 0:01:16]} Kc5 {[%clk
0:02:37]} 64. Na4+ {[%clk 0:01:32]} Kb5 {[%clk 0:02:38]} 65. Nb2 {[%clk 0:01:54]}
Kb4 {[%clk 0:02:37]} 66. Nd3+ {[%clk 0:00:42]} Kc3 {[%clk 0:02:46]} 67. Ke3
{[%clk 0:00:41]} Nd4 {[%clk 0:02:27]} 68. Nc5 {[%clk 0:01:05]} Nc6 {[%clk
0:01:14]} 69. Ke2 {[%clk 0:00:54]} Kc4 {[%clk 0:00:57]} 70. Na4 {[%clk 0:01:04]}
Kb4 {[%clk 0:00:40]} 71. Nb6 {[%clk 0:01:16]} Ne7 {[%clk 0:00:41]} 72. Kd3 {[%clk
0:01:19]} Kb5 {[%clk 0:00:56]} 73. Nc4 {[%clk 0:01:07]} a4 {[%clk 0:01:20]} 74.
Ne3 {[%clk 0:00:40]} Kb4 {[%clk 0:01:33]} 75. Kc2 {[%clk 0:01:02]} a3 {[%clk
0:01:46]} 76. Kb1 {[%clk 0:01:04]} Kb3 {[%clk 0:02:03]} 77. Nc2 {[%clk 0:01:03]}
a2+ {[%clk 0:02:13]} 78. Ka1 {[%clk 0:01:27]} Nc6 {[%clk 0:02:22]} 79. Nd4+
{[%clk 0:01:49]} 1/2-1/2

[Event "European Women's Championship"]
[Site "Vysoke Tatry"]
[Date "2018.04.08"]
[Round "1"]
[White "Gara, Ticia"]
[Black "Caglar, Sila"]
[Result "1-0"]
[Board "56"]
[WhiteElo "2330"]
[WhiteTitle "WGM"]
[WhiteCountry "HUN"]
[WhiteFideId "717444"]
[WhiteEloChange "4"]
[BlackElo "2077"]
[BlackTitle "WFM"]
[BlackCountry "TUR"]
[BlackFideId "6364063"]
[BlackEloChange "-4"]

1. c4 {[%clk 1:30:55]} Nf6 {[%clk 1:29:00]} 2. g3 {[%clk 1:30:07]} g6 {[%clk
1:29:00]} 3. Bg2 {[%clk 1:27:10]} Bg7 {[%clk 1:29:14]} 4. Nc3 {[%clk 1:27:08]} d6
{[%clk 1:28:06]} 5. e3 {[%clk 1:24:54]} O-O {[%clk 1:27:24]} 6. Nge2 {[%clk
1:25:20]} e5 {[%clk 1:25:47]} 7. O-O {[%clk 1:25:20]} c6 {[%clk 1:19:29]} 8. d4
{[%clk 1:23:20]} Re8 {[%clk 1:08:13]} 9. b3 {[%clk 1:21:54]} Nbd7 {[%clk
1:01:07]} 10. Bb2 {[%clk 1:19:22]} Nf8 {[%clk 0:56:25]} 11. Qc2 {[%clk 1:04:45]}
exd4 {[%clk 0:44:49]} 12. Nxd4 {[%clk 1:04:17]} c5 {[%clk 0:30:15]} 13. Nde2
{[%clk 1:02:36]} Ne6 {[%clk 0:28:44]} 14. Rad1 {[%clk 0:58:23]} Ng5 {[%clk
0:22:38]} 15. Nf4 {[%clk 0:40:14]} Bf5 {[%clk 0:13:23]} 16. Qd2 {[%clk 0:37:31]}
Nfe4 {[%clk 0:05:08]} 17. Nxe4 {[%clk 0:36:30]} Bxe4 {[%clk 0:04:48]} 18. Bxg7
{[%clk 0:32:00]} Kxg7 {[%clk 0:04:13]} 19. f3 {[%clk 0:18:01]} Bc6 {[%clk
0:04:18]} 20. e4 {[%clk 0:18:08]} Ne6 {[%clk 0:03:00]} 21. Nxe6+ {[%clk 0:09:59]}
Rxe6 {[%clk 0:03:07]} 22. Bh3 {[%clk 0:10:26]} Re8 {[%clk 0:02:18]} 23. Qxd6
{[%clk 0:10:21]} Qg5 {[%clk 0:01:42]} 24. Qf4 {[%clk 0:08:35]} Qxf4 {[%clk
0:01:38]} 25. gxf4 {[%clk 0:09:02]} Red8 {[%clk 0:01:41]} 26. Kf2 {[%clk
0:09:03]} b5 {[%clk 0:01:22]} 27. Ke3 {[%clk 0:08:30]} bxc4 {[%clk 0:01:15]} 28.
bxc4 {[%clk 0:08:41]} Rab8 {[%clk 0:00:49]} 29. Rxd8 {[%clk 0:08:07]} Rxd8 {[%clk
0:01:18]} 30. Rb1 {[%clk 0:08:33]} Rd4 {[%clk 0:01:11]} 31. Bf1 {[%clk 0:08:49]}
h5 {[%clk 0:00:48]} 32. Be2 {[%clk 0:08:30]} Kf6 {[%clk 0:00:33]} 33. Rb3 {[%clk
0:07:18]} Ke7 {[%clk 0:00:33]} 34. Ra3 {[%clk 0:07:26]} Rd7 {[%clk 0:00:46]} 35.
Ra5 {[%clk 0:06:33]} Kd6 {[%clk 0:00:37]} 36. e5+ {[%clk 0:06:34]} Kc7 {[%clk
0:01:00]} 37. Rxa7+ {[%clk 0:06:29]} Kb6 {[%clk 0:01:28]} 38. Rxd7 {[%clk
0:04:43]} Bxd7 {[%clk 0:01:51]} 39. Bd3 {[%clk 0:03:49]} Be6 {[%clk 0:02:11]} 40.
Kd2 {[%clk 0:32:08]} Ka5 {[%clk 0:32:17]} 41. Kc3 {[%clk 0:24:03]} Ka4 {[%clk
0:31:49]} 42. Kb2 {[%clk 0:23:13]} Kb4 {[%clk 0:31:07]} 43. a3+ {[%clk 0:23:21]}
Ka4 {[%clk 0:31:25]} 44. Bc2+ {[%clk 0:17:20]} Ka5 {[%clk 0:31:49]} 45. Kc3
{[%clk 0:15:45]} Bf5 {[%clk 0:30:48]} 46. Be4 {[%clk 0:14:11]} Ka4 {[%clk
0:30:12]} 47. Bd5 {[%clk 0:12:33]} Be6 {[%clk 0:30:30]} 48. Kb2 {[%clk 0:11:18]}
Ka5 {[%clk 0:29:36]} 49. h4 {[%clk 0:10:06]} Ka4 {[%clk 0:29:12]} 50. f5 {[%clk
0:09:26]} gxf5 {[%clk 0:29:23]} 51. f4 {[%clk 0:09:43]} Ka5 {[%clk 0:28:07]} 52.
Kb3 {[%clk 0:09:57]} 1-0

[Event "European Women's Championship"]
[Site "Vysoke Tatry"]
[Date "2018.04.08"]
[Round "1"]
[White "Makka, Ioulia"]
[Black "Unuk, Laura"]
[Result "0-1"]
[Board "57"]
[WhiteElo "2076"]
[WhiteTitle "WIM"]
[WhiteCountry "GRE"]
[WhiteFideId "4205316"]
[WhiteEloChange "-4"]
[BlackElo "2329"]
[BlackTitle "WIM"]
[BlackCountry "SLO"]
[BlackFideId "14609215"]
[BlackEloChange "4"]

1. e4 {[%clk 1:30:58]} e5 {[%clk 1:30:49]} 2. Nf3 {[%clk 1:31:20]} Nc6 {[%clk
1:31:07]} 3. Bb5 {[%clk 1:31:42]} a6 {[%clk 1:31:27]} 4. Ba4 {[%clk 1:32:05]} Nf6
{[%clk 1:31:34]} 5. d3 {[%clk 1:32:27]} d6 {[%clk 1:31:16]} 6. a3 {[%clk
1:27:01]} g6 {[%clk 1:22:11]} 7. O-O {[%clk 1:25:54]} Bg7 {[%clk 1:22:35]} 8. Re1
{[%clk 1:25:32]} O-O {[%clk 1:22:32]} 9. c3 {[%clk 1:25:00]} b5 {[%clk 1:02:34]}
10. Bb3 {[%clk 1:23:51]} Na5 {[%clk 1:02:29]} 11. Ba2 {[%clk 1:23:36]} c5 {[%clk
1:02:55]} 12. Nbd2 {[%clk 1:20:10]} Rb8 {[%clk 1:00:36]} 13. b4 {[%clk 1:11:43]}
Nc6 {[%clk 1:00:15]} 14. Nf1 {[%clk 1:07:52]} d5 {[%clk 0:45:55]} 15. Bg5 {[%clk
0:46:04]} dxe4 {[%clk 0:40:18]} 16. dxe4 {[%clk 0:44:23]} c4 {[%clk 0:39:16]} 17.
Qc1 {[%clk 0:39:02]} Bg4 {[%clk 0:34:55]} 18. N3d2 {[%clk 0:33:35]} h6 {[%clk
0:32:40]} 19. Be3 {[%clk 0:26:54]} Qc7 {[%clk 0:31:35]} 20. h3 {[%clk 0:22:42]}
Be6 {[%clk 0:27:23]} 21. Ng3 {[%clk 0:20:57]} Nd7 {[%clk 0:23:10]} 22. Nf3 {[%clk
0:19:26]} Kh7 {[%clk 0:23:28]} 23. Bb1 {[%clk 0:18:48]} Rfd8 {[%clk 0:19:37]} 24.
Nf5 {[%clk 0:12:30]} g5 {[%clk 0:02:37]} 25. h4 {[%clk 0:07:07]} f6 {[%clk
0:02:16]} 26. Nxg7 {[%clk 0:05:39]} Kxg7 {[%clk 0:02:40]} 27. hxg5 {[%clk
0:03:20]} hxg5 {[%clk 0:03:00]} 28. Bxg5 {[%clk 0:01:31]} fxg5 {[%clk 0:02:02]}
29. Qxg5+ {[%clk 0:01:21]} Kf7 {[%clk 0:02:27]} 30. Qh4 {[%clk 0:00:45]} Nf8
{[%clk 0:00:38]} 31. Ng5+ {[%clk 0:00:45]} Ke8 {[%clk 0:01:00]} 32. Bc2 {[%clk
0:00:45]} Qe7 {[%clk 0:00:52]} 33. Bd1 {[%clk 0:00:44]} Kd7 {[%clk 0:00:48]} 34.
a4 {[%clk 0:00:44]} Kc7 {[%clk 0:00:34]} 35. Be2 {[%clk 0:00:41]} Ng6 {[%clk
0:00:44]} 36. Nxe6+ {[%clk 0:00:41]} Qxe6 {[%clk 0:01:06]} 37. Qh7+ {[%clk
0:00:44]} Rd7 {[%clk 0:01:16]} 38. Qh6 {[%clk 0:00:38]} Rh8 {[%clk 0:01:28]} 39.
Qe3 {[%clk 0:00:51]} Rdh7 {[%clk 0:01:35]} 40. f3 {[%clk 0:31:08]} Qf6 {[%clk
0:31:12]} 41. Bf1 {[%clk 0:29:19]} Nf4 {[%clk 0:29:04]} 42. Qc5 {[%clk 0:06:20]}
Rh1+ {[%clk 0:25:00]} 43. Kf2 {[%clk 0:06:42]} Qg5 {[%clk 0:22:32]} 44. Re3
{[%clk 0:03:08]} Qh4+ {[%clk 0:21:27]} 45. g3 {[%clk 0:03:25]} Qh2+ {[%clk
0:21:38]} 46. Ke1 {[%clk 0:03:33]} Rxf1+ {[%clk 0:22:00]} 47. Kxf1 {[%clk
0:03:38]} Qg2+ {[%clk 0:22:24]} 0-1

[Event "European Women's Championship"]
[Site "Vysoke Tatry"]
[Date "2018.04.08"]
[Round "1"]
[White "Sliwicka, Alicja"]
[Black "Kejzar, Petra"]
[Result "0-1"]
[Board "58"]
[WhiteElo "2329"]
[WhiteTitle "WFM"]
[WhiteCountry "POL"]
[WhiteFideId "1150677"]
[WhiteEloChange "-16"]
[BlackElo "2071"]
[BlackCountry "SLO"]
[BlackFideId "14610213"]
[BlackEloChange "16"]

1. e4 {[%clk 1:30:57]} c5 {[%clk 1:30:54]} 2. Nf3 {[%clk 1:31:21]} e6 {[%clk
1:31:19]} 3. d4 {[%clk 1:31:44]} cxd4 {[%clk 1:31:45]} 4. Nxd4 {[%clk 1:32:09]}
Nc6 {[%clk 1:31:58]} 5. Nc3 {[%clk 1:32:26]} Qc7 {[%clk 1:32:08]} 6. Be2 {[%clk
1:32:44]} a6 {[%clk 1:32:15]} 7. O-O {[%clk 1:32:48]} b5 {[%clk 1:30:56]} 8. Be3
{[%clk 1:31:17]} Nf6 {[%clk 1:30:21]} 9. a3 {[%clk 1:22:16]} Bb7 {[%clk 1:29:27]}
10. f4 {[%clk 1:13:17]} d6 {[%clk 1:17:08]} 11. Qe1 {[%clk 1:07:59]} h5 {[%clk
1:14:36]} 12. Bf3 {[%clk 0:51:45]} Be7 {[%clk 1:08:57]} 13. a4 {[%clk 0:40:01]}
b4 {[%clk 1:08:31]} 14. Na2 {[%clk 0:39:44]} Nxd4 {[%clk 1:02:27]} 15. Bxd4
{[%clk 0:40:06]} e5 {[%clk 0:59:15]} 16. Bf2 {[%clk 0:38:18]} a5 {[%clk 0:56:18]}
17. c3 {[%clk 0:29:47]} b3 {[%clk 0:53:08]} 18. Nc1 {[%clk 0:30:12]} Qc4 {[%clk
0:49:48]} 19. Be2 {[%clk 0:29:12]} Qxe4 {[%clk 0:49:05]} 20. Bb5+ {[%clk
0:29:27]} Kf8 {[%clk 0:48:03]} 21. Qxe4 {[%clk 0:29:46]} Nxe4 {[%clk 0:47:33]}
22. fxe5 {[%clk 0:27:29]} dxe5 {[%clk 0:47:38]} 23. Nxb3 {[%clk 0:26:58]} Nxf2
{[%clk 0:44:30]} 24. Rxf2 {[%clk 0:26:30]} Rh6 {[%clk 0:38:43]} 25. Rf5 {[%clk
0:24:00]} Rg6 {[%clk 0:32:39]} 26. g3 {[%clk 0:23:23]} h4 {[%clk 0:31:12]} 27.
Rh5 {[%clk 0:19:03]} Kg8 {[%clk 0:30:29]} 28. Bd3 {[%clk 0:16:22]} e4 {[%clk
0:28:10]} 29. Be2 {[%clk 0:16:40]} hxg3 {[%clk 0:26:33]} 30. hxg3 {[%clk
0:15:50]} Rxg3+ {[%clk 0:26:08]} 31. Kf2 {[%clk 0:15:58]} Rg5 {[%clk 0:25:23]}
32. Rxg5 {[%clk 0:13:02]} Bxg5 {[%clk 0:25:52]} 33. Nc5 {[%clk 0:12:32]} e3+
{[%clk 0:22:55]} 34. Kg3 {[%clk 0:10:25]} Bc8 {[%clk 0:22:18]} 35. Ne4 {[%clk
0:08:45]} Bh6 {[%clk 0:22:21]} 36. b4 {[%clk 0:08:39]} f5 {[%clk 0:21:50]} 37.
Bc4+ {[%clk 0:08:11]} Kh7 {[%clk 0:21:27]} 38. Nd6 {[%clk 0:06:10]} Bd7 {[%clk
0:13:52]} 39. Bd3 {[%clk 0:04:07]} g6 {[%clk 0:14:00]} 40. b5 {[%clk 0:33:47]}
Bf8 {[%clk 0:35:54]} 41. Nc4 {[%clk 0:32:38]} Bc5 {[%clk 0:35:40]} 42. Re1 {[%clk
0:30:03]} Rf8 {[%clk 0:26:55]} 43. Nxa5 {[%clk 0:28:24]} f4+ {[%clk 0:25:46]} 44.
Kf3 {[%clk 0:28:28]} Kg7 {[%clk 0:22:25]} 45. Nb7 {[%clk 0:24:06]} Be7 {[%clk
0:22:01]} 46. a5 {[%clk 0:22:47]} g5 {[%clk 0:22:18]} 47. a6 {[%clk 0:21:54]} g4+
{[%clk 0:22:37]} 48. Ke2 {[%clk 0:20:34]} g3 {[%clk 0:17:49]} 49. Kf3 {[%clk
0:19:56]} Kh6 {[%clk 0:12:19]} 50. a7 {[%clk 0:15:39]} Kg5 {[%clk 0:12:06]} 51.
Ra1 {[%clk 0:14:27]} Bg4+ {[%clk 0:11:40]} 52. Kg2 {[%clk 0:14:45]} Rh8 {[%clk
0:05:33]} 53. a8Q {[%clk 0:13:12]} f3+ {[%clk 0:05:45]} 54. Kg1 {[%clk 0:13:10]}
f2+ {[%clk 0:05:47]} 55. Kg2 {[%clk 0:13:22]} Rxa8 {[%clk 0:03:08]} 56. Rxa8
{[%clk 0:13:45]} e2 {[%clk 0:01:41]} 57. Bxe2 {[%clk 0:13:52]} Bxe2 {[%clk
0:02:05]} 58. Ra1 {[%clk 0:14:15]} Kf4 {[%clk 0:01:52]} 59. Na5 {[%clk 0:05:38]}
Bc5 {[%clk 0:01:35]} 60. Ra4+ {[%clk 0:04:57]} Ke3 {[%clk 0:01:03]} 61. Nc4+
{[%clk 0:05:13]} Kd3 {[%clk 0:00:43]} 62. Ne5+ {[%clk 0:05:13]} Kxc3 {[%clk
0:00:44]} 63. Ra1 {[%clk 0:04:52]} Bd6 {[%clk 0:00:36]} 64. Nf7 {[%clk 0:04:30]}
Bf4 {[%clk 0:00:48]} 65. Nd8 {[%clk 0:02:10]} Kc2 {[%clk 0:01:09]} 66. Nc6 {[%clk
0:01:52]} Kd3 {[%clk 0:00:33]} 67. b6 {[%clk 0:01:43]} Ke3 {[%clk 0:00:50]} 68.
Ra3+ {[%clk 0:00:57]} Bd3 {[%clk 0:01:16]} 69. Ra1 {[%clk 0:00:37]} Be4+ {[%clk
0:01:37]} 70. Kh3 {[%clk 0:00:51]} Bxc6 {[%clk 0:01:30]} 71. Ra3+ {[%clk
0:00:51]} Ke2 {[%clk 0:01:51]} 72. Ra2+ {[%clk 0:01:09]} Bd2 {[%clk 0:02:11]} 73.
Ra1 {[%clk 0:01:31]} g2 {[%clk 0:02:17]} 0-1